000 00606cam a2200181Ka 4500
020 _a9251054096 (pt.1)
020 _a925105410X (pt. 2)
040 _cAGL
082 _a338 FOO 2005 A079 Or.
100 1 _aHalls, Ashley S.
245 1 0 _aGuidelines for designing data collection and sharing systems for co-managed fisheries /
260 _aRome :
_bFood and Agriculture Organization of the United Nations,
_c2005
300 _av. :
_bill. (some col.) ;
_c30 cm
650 0 _aFisheries
650 0 _aFishery management
710 2 _aFood and Agriculture Organization of the United Nations
942 _cEK
999 _c16076
_d16076